| 000 | 00800nac a2200253 a 4500 | ||
|---|---|---|---|
| 003 | CO-PeBPM | ||
| 005 | 20250305192915.0 | ||
| 007 | ta | ||
| 008 | 231129s1983||||ck ||||||||||||| ||spa|| | ||
| 020 | _a9501704033 | ||
| 040 |
_aCO-PeBPM _bspa _cCO-PeBPM _erda |
||
| 041 | _aspa | ||
| 082 | 0 | 4 |
_a133.335 B919p _222 |
| 100 | 1 | 0 |
_aBuchelli E. _eautor |
| 245 | 1 | 0 |
_aEl poder oculto de los números _c/ E. Bucheli (Hagal) |
| 250 | _aDecima primera edición | ||
| 260 |
_aBuenos Aires _b : Kier _cc1983 |
||
| 300 |
_a193 páginas _bilustraciones en blanco y negro _c19 centímetros |
||
| 500 | _aIncluye índice al final del texto | ||
| 650 | 1 | 4 |
_aNumerología _2LEMB |
| 650 | 1 | 4 |
_aSimbolismo de los números _2LEMB |
| 650 | 1 | 4 |
_aAdivinación _2LEMB |
| 942 |
_2ddc _cBK |
||
| 999 |
_c12127 _d12127 |
||